000 00520nam a22001817a 4500
005 20240910065837.0
008 240910b |||||||| |||| 00| 0 eng d
020 _a0702118346
041 _aEnglish
082 _a340.1 COC
100 _lEnglish
245 _aInterpretation of Statutes /
_cGM Cockram
250 _aThird Edition
260 _aCape Town:
_bJuta and Company Ltd,
_c1987
300 _bxvi, 181 pages;
_c23 cm.
650 _aLegal practice
_bLaw
942 _cBK
_6ALISON_BN_VRIES
999 _c3030
_d3030